000 01454cam a2200397 a 4500
001 2198
003 FISKH
005 20231110154640.0
008 860819s1987 nyua j 000 0 eng
010 _a 86022528
020 _a0399214038 :
020 _a0399214046 (pbk.) :
020 _a9780590412018
040 _aDLC
_cDLC
_dDLC
_beng
042 _alcac
043 _an-us---
050 0 0 _aKF4520.Z9
_bF75 1987
082 0 0 _a342.73/029
_a347.30229
_219
100 1 _aFritz, Jean.
245 1 0 _aShh! we're writing the Constitution /
_cby Jean Fritz ; illustrated by Tomie dePaola.
250 _a2009 Scholastic edition
260 _aNew York :
_bScholastic,
_c1987.
300 _a64 pages :
_billustrations ;
_c20 cm
505 _aZ'
520 _aDescribes how the Constitution came to be written and ratified. Also includes the full text of the document produced by the Constitutional Convention of 1787.
521 8 _a950
_bLexile
521 8 _aZ'
_bRaz-Plus
610 1 0 _aUnited States.
_bConstitutional Convention
_d(1787)
_vJuvenile literature.
610 1 1 _aUnited States.
_bConstitutional Convention
_d(1787)
650 0 _aConstitutional history
_zUnited States
_vJuvenile literature.
650 0 _aConstitutional history
_zUnited States.
650 1 _aConstitutions
_zUnited States.
700 1 _aDePaola, Tomie,
_d1934-2020,
_eillustrator
906 _a7
_bcbc
_corignew
_d1
_eocip
_f19
_gy-gencatlg
942 _2ddc
_cBK
_n0
999 _c2198
_d2198